Sổ tay kỹ thuật bảo quản lương thực
Các hiểu biết cơ bản về thóc, gạo; Đặc tính một số giống lúa phổ biến ở Việt Nam; Nhà kho để bảo quản thóc, gạo; Các hiện tượng hư hại xảy ra trong bảo quản thóc và biện pháp khắc phục; Côn trùng và phòng trừ côn trùng; Chuột và phòn...
Gardado en:
| Autor Principal: | |
|---|---|
| Formato: | Libro |
| Idioma: | Undetermined |
| Publicado: |
Hà Nội
Khoa học và Kỹ thuật
2000
|
| Những chủ đề: | |
| Các nhãn: |
Engadir etiqueta
Sen Etiquetas, Sexa o primeiro en etiquetar este rexistro!
|
| Thư viện lưu trữ: | Trung tâm Học liệu Trường Đại học Cần Thơ |
|---|
| LEADER | 01068nam a2200205Ia 4500 | ||
|---|---|---|---|
| 001 | CTU_45417 | ||
| 008 | 210402s9999 xx 000 0 und d | ||
| 082 | |a 664.028 | ||
| 082 | |b Tr513/2000 | ||
| 100 | |a Vũ, Quốc Trung | ||
| 245 | 0 | |a Sổ tay kỹ thuật bảo quản lương thực | |
| 245 | 0 | |c Vũ Quốc Trung, Lê Thế Ngọc | |
| 260 | |a Hà Nội | ||
| 260 | |b Khoa học và Kỹ thuật | ||
| 260 | |c 2000 | ||
| 520 | |a Các hiểu biết cơ bản về thóc, gạo; Đặc tính một số giống lúa phổ biến ở Việt Nam; Nhà kho để bảo quản thóc, gạo; Các hiện tượng hư hại xảy ra trong bảo quản thóc và biện pháp khắc phục; Côn trùng và phòng trừ côn trùng; Chuột và phòng trừ chuột; Thông gió trong bảo quản thóc; Kiểm nghiệm thóc và gạo .. | ||
| 650 | |a Rice | ||
| 650 | |x Preservation | ||
| 904 | |i Trọng Hải | ||
| 980 | |a Trung tâm Học liệu Trường Đại học Cần Thơ | ||